| 000 | 09941namaa22004451i 4500 | ||
|---|---|---|---|
| 003 | EG-GICUC | ||
| 005 | 20260502111816.0 | ||
| 008 | 260502s2025 ua a|||frm||| 000 0 eng d | ||
| 040 |
_aEG-GICUC _beng _cEG-GICUC _dEG-GICUC _erda |
||
| 041 | 0 |
_aeng _beng _bara |
|
| 049 | _aDeposit | ||
| 082 | 0 | 4 | _a617.523 |
| 092 |
_a617.523 _221 |
||
| 097 | _aPh.D | ||
| 099 | _aCai01.11.01.Ph.D.2025.Na.E | ||
| 100 | 0 |
_aNadia Essam Mohamed Gaballah, _epreparation. |
|
| 245 | 1 | 0 |
_aEffect of preoperative nebulized versus intravenous tranexamic acid on surgical field quality in patients undergoing endoscopic sinus surgeries : _ba randomized controlled comparative study / _cby Nadia Essam Mohamed Gaballah ; Supervision Prof. Dr. Nevan Mohamed Abbas Elmekawy, Prof. Dr. Tamer Mohamed Khair Mohamed, Dr. Kareem Mohammed Assem Nawwar. |
| 246 | 1 | 5 | _aدارسة عشوائية محكومة لتأثير استخدام حمض الترانيكساميك كمستنشق مقارنة باستخدامه بالحقن الوريدي فيما يتعلق بجودة المجال الجراحي في المرضى الذين يخضعون لجراحات الجيوب الانفية الوظيفية بالمنظار |
| 264 | 0 | _c2025. | |
| 300 |
_a54 pages : _billustrations ; _c25 cm. + _eCD. |
||
| 336 |
_atext _2rda content |
||
| 337 |
_aUnmediated _2rdamedia |
||
| 338 |
_avolume _2rdacarrier |
||
| 502 | _aThesis (Ph.D)-Cairo University, 2025. | ||
| 504 | _aBibliography: pages 46-54. | ||
| 520 | 3 | _aBackground and Goal of Study: The anesthetic goal of functional endoscopic sinus surgery (FESS) is to minimize intraoperative bleeding leading to better visibility of the surgical field and rapid recovery. Ideal operative conditions during endoscopic sinus surgeries could be achieved with systemic, topical, or regional anesthetic techniques. Our objective was to evaluate the effect of pre-emptive nebulized tranexamic acid compared to intravenous tranexamic acid on endoscopic visualization quality, intraoperative bleeding rate, total blood loss, and the incidence of postoperative nasal bleeding in patients undergoing endoscopic sinus surgeries. Materials and Methods: This prospective, randomized and comparative study included 60 American Society of Anesthesiologists (ASA) physical status classification I & II of both genders, scheduled for endoscopic sinus surgeries (ESS) in the otorhinolaryngology (ORL) operative theater and ward at Cairo university hospital randomized and equally divided into two groups. Each group consists of 30 patients: group IT: intravenous tranexamic acid group and group NT: nebulized tranexamic acid group. Patients in group IT received an intravenous drip of tranexamic acid (TXA) at a dose of 15mg/kg in 100ml of normal saline and 5ml of 0.9% normal saline nebulizer session to ensure blinding of this group, whereas patients in group NT received a nebulizer session of 500mg of tranexamic acid and an intravenous drip of 100ml of 0.9% normal saline to ensure blinding of this group. This was done in the preoperative holding area 15 minutes before commencement of general anesthesia. | |
| 520 | 3 | _aالنزيف داخل العملية هو أحد أهم المشاكل التي يواجهها أطباء التخدير والجراحون على حد سواء أثناء العمليات الجراحية الأنفية التنظيرية. الحقل الجراحي في هذه العمليات محدود للغاية ومحاط بهياكل حيوية متعددة. يمكن أن يؤدي أصغر كمية من الدم في الحقل الجراحي أثناء هذه العمليات إلى تشويش تشريح الحقل الجراحي و انسداد طرف المنظار، مما يتطلب تكرار الري والشفط، وكلاهما له تأثيرات صدمية على الأغشية المخاطية الأنفية الهشة بالفعل. تقنيات التخدير لتقليل النزيف أثناء الجراحة الأنفية التنظيرية تعتبر ذات أهمية قصوى لإجراء آمن وفعّال، مما يقلل من وقت العملية ويقصّر فترة النقاهة بعد الجراحة. يمكن تحقيق ظروف جراحية جيدة أثناء جراحات الجيوب الأنفية التنظيرية باستخدام تقنيات التخدير النظامية أو الموضعية أو الإقليمية. أظهرت الدراسات الحديثة أن استخدام حمض الترانيكساميك (TXA) يمكن أن يكون خيارًا آمنًا وفعّالً لإيقاف النزيف في مجموعة واسعة من التخصصات. عند إعطائه كجرعة نظامية مرة واحدة أثناء العملية، يمكن أن يقلل حمض الترانيكساميك من النزيف الجراحي داخل العملية. في الآونة الأخيرة، تم استخدامه في شكله المستنشق أو الموضعي لعلاج النزيف في المناطق المعزولة تشريحيًا. تم وصف استخدامه في نزيف الأنف، السعال الدموي المرتبط بالسرطان، والنزيف بعد استئصال اللوزتين. على الرغم من أن الجرعات النظامية من حمض الترانيكساميك قد أثبتت فعاليتها في تقليل النزيف أثناء العمليات الجراحية، إل أن أشكال الإدارة الأخرى لم يتم بحثها بشكل واسع. ظهر حمض الترانيكساميك المستنشق كخيار علاجي غير جراحي لإدارة السعال الدموي الحاد والنزيف بعد استئصال اللوزتين مع نتائج واعدة. يُتوقع أن يوفر استخدام الستنشاق طريقًا مستهدفًا وتأثيرًا موضعيًا مع تقليل الآثار الجانبية النظامية. تشمل الآثار الجانبية للإدارة النظامية لحمض الترانيكساميك التشنجات، الغثيان، القيء، الإسهال، النسداد الرئوي، تجلط الأوردة العميقة، التفاعل التحسسي، واضطرابات الرؤية الأخرى حتى الآن، لم تُج´ر أي دراسات استشرافية حول فعالية حمض الترانيكساميك المستنشق قبل العملية في تقليل النزيف أثناء العملية مقارنةً بحمض الترانيكساميك الوريدي. لذلك، كان هدف هذه الدراسة هو تقييم تأثير حمض الترانيكساميك المستنشق قبل العملية مقارنة بحمض الترانيكساميك الوريدي على جودة الحقل الجراحي في المرضى الذين يخضعون لجراحات الجيوب الأنفية التنظيرية. تم إجراء هذه الدراسة الستش ارفية العشوائية المراقبة المقارنة على مرضى يخضعون لجراحة الجيوب الأنفية تحت التخدير العام. تم عشوائيًا توزيع جميع المرضى إما لتلقي حمض الترانيكساميك المستنشق )مجموعة(IT أو حمض الترانيكساميك الوريدي)مجموعة NT ( تلقى مرضى مجموعة الستنشاق جلسة استنشاق 500 ملغ من حمض الترانيكساميك. اما مرضى مجموعة الوريد فقد تلقوا 15ملغ/كغم من حمض الترانيكساميك في 100 مل من محلول الملح. لم يحقق حمض الترانيكساميك المستنشق قبل العملية الفعالية المتوقعة على جودة الحقل الجراحي للمرضى الذين يخضعون لجراحات الجيوب الأنفية التنظيرية، حيث أن حمض الترانيكساميك الوريدي يوفر معدل نزيف أقل ودرجة مقياس النزيف وورماد. ومع ذلك، كانت النتائج في كلا التدخلين متشابهة فيما يتعلق بفقدان الدم والنزيف والمضاعفات بعد الجراحة. قد ل يكون الطريق الستنشاقي لحمض الترانيكساميك فعالً مثل الطريق الوريدي ويرجع ذلك إلى ظهوره الأبطأ وانخفاض التوافر البيولوجي والتأثير الموضعي. في حين أن استنشاق التراكساميك قد يكون مناسبًا لعلاج حالت مثل الرعاف أو نزيف الجهاز التنفسي، يظل الطريق الوريدي هو الخيار المفضل في الجراحات حيث يلزم التحكم السريع في النزيف. هناك حاجة إلى مزيد من البحث والدراسات الأكبر التي تقارن هذه الطرق في سياقات جراحية مختلفة لتوضيح المواقف التي قد يكون فيها الطريق الستنشاقي مفيدًا. | |
| 530 | _aIssues also as CD. | ||
| 546 | _aText in English and abstract in Arabic & English. | ||
| 650 | 0 | _aParanasal sinuses Surgery | |
| 650 | 0 | _aجراحات الجيوب الأنفية | |
| 653 | 1 |
_aendoscopic sinus surgery _atranexamic acid _aWormald surgical field grading scale _ableeding rate |
|
| 700 | 0 |
_aNevan Mohamed Abbas Elmekawy _ethesis advisor. |
|
| 700 | 0 |
_aTamer Mohamed Khair Mohamed _ethesis advisor. |
|
| 700 | 0 |
_aKareem Mohammed Assem Nawwar _ethesis advisor. |
|
| 900 |
_b01-01-2025 _cNevan Mohamed Abbas Elmekawy _cTamer Mohamed Khair Mohamed _cKareem Mohammed Assem Nawwar _UCairo University _FFaculty of Medicine _DDepartment of Anesthesiology, Surgical ICU and Pain Management |
||
| 905 | _aShimaa | ||
| 942 |
_2ddc _n0 _cTH _e21 |
||
| 999 | _c179888 | ||